Normal view
MARC view
Entry Personal Name
001 - CONTROL NUMBER
- control field: 4446
003 - CONTROL NUMBER IDENTIFIER
- control field: ARRUPE
005 - DATE AND TIME OF LATEST TRANSACTION
- control field: 20131129132510.0
008 - FIXED-LENGTH DATA ELEMENTS
- fixed length control field: 131129|| aca||aabn | a|a d
040 ## - CATALOGING SOURCE
- Original cataloging agency: ARRUPE
- Transcribing agency: ARRUPE
100 ## - HEADING--PERSONAL NAME
- Personal name: Peers, E. Allison
- Fuller form of name: (Edgar Allison),
- Dates associated with a name: 1891-1952.
670 ## - SOURCE DATA FOUND
- Source citation: Work cat.: (ARRUPE)0: Peers, E. Allison (Edgar Allison), 1891-1952., Ramon Lull, a biography,, 1929.